La imposicion directa en el Pais Vasco

Bibliographic Details
Main Author: Merino Jara, Isaac
Format: Unknown
Language:Spanish
Published: [Madrid] : Edersa, 2004
Subjects:
Online Access:Acceso restringido

MARC

LEADER 00000ny a22000003n 4500
005 20110525110927.0
008 080618s2004 sp s 000 0 spa c
020 |a 848494090X 
035 |a 1309 
040 |a UMA.RE  |d vLex 
080 |a 336.226(460.15)(0.034) 
090 |c 259  |d 259 
100 1 |a Merino Jara, Isaac 
245 1 3 |a La imposicion directa en el Pais Vasco  |h [Recurso electrn̤ico]  |c Isaac Merino Jara 
256 |a Servicio en ln̕ea 
260 |a [Madrid] :  |b Edersa,  |c 2004 
506 1 |a Contenido solo disponible en los productos indicados  |d vLex Global  |d vLex Global (Academic Edition, excluding Law Schools)  |d vLex Global (U.S. Academic Edition, Law Schools)  |d vLex Global (U.S. Academic Edition, excluding Law Schools)  |d vLex Global (Academic Edition, Law Schools) 
650 0 7 |2 Tesauro vLex  |a Tributario 
650 0 7 |2 Tesauro vLex  |a Derecho foral 
740 0 |a vLex Libros (Servicios en ln̕ea) 
856 4 0 |z Acceso restringido  |u http://vlex.com/source/imposicion-directa-pais-vasco-1309 
942 |c BOOK 
999 0 |a Taxation   |b Madrid